Načítá se...

RADIOCHEMICAL METHODS

Podrobná bibliografie
Hlavní autor: GEARY WILLIAM J
Médium: Printed Book
Vydáno: DELHI WILEY INDIA 2008
Témata:
LEADER 00518nam a2200181 4500
020 |a 9 
082 |a 544.98 GEA 
100 |a GEARY WILLIAM J 
245 |a RADIOCHEMICAL METHODS  |h ENGLISH 
250
260 |a DELHI  |b WILEY INDIA  |c 2008 
300 |a 229  |f PB 
500 |a   
590 |d   
650 |a RADIOCHEMICAL METHODS 
942 |c BK 
999 |c 122829  |d 122829 
952 |0 0  |1 0  |4 0  |6 544_980000000000000_GEA  |7 0  |9 136291  |a CHE  |b CHE  |l 0  |o 544.98 GEA  |p CHE4157  |r 2019-10-15  |w 2019-10-15  |y BK